| 000 | 01288nam a2200313 a 4500 | ||
|---|---|---|---|
| 001 | ebr10721286 | ||
| 003 | CaPaEBR | ||
| 006 | m o u | ||
| 007 | cr cn||||||||| | ||
| 008 | 130625s2013 enkad s 001 0 eng d | ||
| 020 | _z9781782163688 | ||
| 020 | _z9781782163695 (e-book) | ||
| 040 |
_aCaPaEBR _cCaPaEBR |
||
| 035 | _a(OCoLC)856903746 | ||
| 050 | 1 | 4 |
_aTK5105.875.I6 _bB43 2013eb |
| 100 | 1 | _aBhatt, Samir. | |
| 245 | 1 | 0 |
_aLiferay Portal performance best practices _h[electronic resource] : _ba practical tutorial to learn the best practices for building high performing Liferay-based solutions / _cSamir Bhatt. |
| 260 |
_aBirmingham : _bPackt Pub., _c2013. |
||
| 300 |
_aiv, 134 p. : _bill. |
||
| 500 | _aIncludes index. | ||
| 533 |
_aElectronic reproduction. _bPalo Alto, Calif. : _cebrary, _d2013. _nAvailable via World Wide Web. _nAccess may be limited to ebrary affiliated libraries. |
||
| 630 | 0 | 0 | _aLiferay Portal (Software) |
| 650 | 0 |
_aWeb site development _xComputer programs. |
|
| 650 | 0 |
_aApplication software _xDevelopment. |
|
| 650 | 0 | _aWeb portals. | |
| 655 | 7 |
_aElectronic books. _2local |
|
| 710 | 2 | _aebrary, Inc. | |
| 856 | 4 | 0 |
_uhttp://site.ebrary.com/lib/rucke/Doc?id=10721286 _zAn electronic book accessible through the World Wide Web; click to view |
| 999 |
_c154000 _d154000 |
||